000 00298nam a22001097a 4500
082 _a
_b
100 _aVimal Shankar Nagar
245 _aChayavaad kaa dharshanik kharatha avam sahithya niband/
_cby Vimal Shankar Nagar
260 _aMuradhabad:
_bGharima prakashan,
_c
650 _a
942 _cBK
999 _c153041
_d153041